000 01009namaa2200217 i 4500
001 174330
003 ES-MaACL
005 20250815105707.0
008 100406s1916 sp | |||| ||spa d
080 _a594.1(8)
100 1 _aHaas, F. (
_d1886-1970)
_961356
245 1 0 _aNáyades del viaje al Pacífico
_b: verificado de 1862 a 1865 por una comisión de naturalistas enviada por el Gobierno Español /
_cpor el Dr. F. Haas.
260 _aMadrid :
_bJunta para Ampliación de Estudios e Investigaciones Científicas,
_c1916.
300 _a63 p., II lám. :
_bil. ;
_c23 cm.
490 1 _aTrabajos del Museo Nacional de Ciencias Naturales. Serie zoológica ;
_v25
650 4 _aBivalvos-
_zPacífico.
_9142433
710 2 _aJunta para la Ampliación de Estudios e Investigaciones Científicas.
_95413
830 0 0 _aTrabajos del Museo Nacional de Ciencias Naturales.
_pSerie zoológica
_v25
_9189348
852 _aES-MaACL
_jB-13149(5)
_z.- Encuadernado con otras obras
999 _c174330
_d174330